| 000 | 005100000a22001930004500 | ||
|---|---|---|---|
| 003 | LK-CoMWRAF | ||
| 005 | 20231103040157.0 | ||
| 008 | 230817t ||||| |||| 00| 0 eng d | ||
| 020 | _a9558285005 | ||
| 040 |
_aLK-CoMWRAF _dLK-CoMWRAF _eLK-CoMWRAF |
||
| 041 | _aeng | ||
| 082 |
_a823 _bTHW |
||
| 100 | _aThwaites, Jeanne | ||
| 245 | _aIt's a sunny day on the moon and other stories | ||
| 260 |
_aSri Lanka : _bNikang, _c1999 |
||
| 300 | _a237p | ||
| 650 | _aEnglish short stories--Sri Lankan | ||
| 942 | _cBK | ||
| 999 |
_c1173 _d1173 |
||